قلب الاخوان : (Record no. 17228)
[ view plain ]
| 000 -الفاتح | |
|---|---|
| حقل البيانات ثابتة الطول | 00596nam a22001697a 4500 |
| 008 - عناصر البيانات ثابتة الطول - معلومات عامة | |
| حقل البيانات ثابتة الطول | 130205s2013 ua ||||| |||| 00| 0 ara d |
| 020 ## - الرقم الدولى المعيارى للكتب | |
| الرقم الدولى المعيارى للكتاب | 9771445103 |
| 082 ## - رقم تصنيف ديوى العشرى | |
| رقم التصنيف | 217.6 |
| رقم المادة | خ ر ب |
| رقم الطبعة | 22 |
| 100 ## - المدخل الرئيسى - إسم شخصى | |
| الإسم الشخصى | الخرباوى، ثروت |
| 9 (RLIN) | 32394 |
| 245 ## - بيان العنوان | |
| العنوان | قلب الاخوان : |
| بقية العنوان | محاكم تفتيش الجماعة / |
| بيان المسئوليه,etc | تأليف ثروت الخرباوى. |
| 250 ## - بيان الطبعة | |
| بيان الطبعة | ط. 1. |
| 260 ## - PUBLICATION, DISTRIBUTION, ETC. (IMPRINT) | |
| مكان الناشر او الموزع | القاهرة : |
| اسم الناشر او الموزع | دار نهضة مصر، |
| تاريخ النشر أو التوزيع | 2013. |
| 300 ## - الوصف المادى | |
| التعداد | 311 ص. ؛ |
| أبعاد الوعاء | 19 سم. |
| 650 ## - المدخل الاضافى بالموضوع-مصطلح موضوعى | |
| مصطلح موضوعي أو اسم جغرافي كعنصر مدخل | الاخوان المسلمون |
| 9 (RLIN) | 15845 |
| 653 ## - مصطلح تكشيفى غير مقيد | |
| Resource For college | |
| Arrived date list | February2013 |
| 942 ## - عناصر المدخل الإضافي( كوها) | |
| مصدر التصنيف او مخطط الترفيف | Dewey Decimal Classification |
| Koha [default] item type | Book - Borrowing |
| سابقة رقم الطلب | 217.6 خ ر ب |
| حالة التراجع | حالة الفقد | مصدر التصنيف او خطة الترفيف | حالة تلف | ليس للاعارة | مجموعات كوها | المكان الدائم | المكان الحالي | موقع الترفيف | تاريخ الاكتساب | Source of acquisition | سعر الشراء الطبيعي | تعداد مسلسل / التسلسل الزمني | رقم الاستدعاء | الباركود | Date last seen | مُعار | التكلفة | نوع الوعاء | تحديد مواد ( مجلدات مجمعه أو جزء أخر) |
|---|---|---|---|---|---|---|---|---|---|---|---|---|---|---|---|---|---|---|---|
| Dewey Decimal Classification | كتابي | Central Library | Central Library | Lower Floor | 05/02/2013 | 40.00 | 26269 | 217.6 خ ر ب | 000027986 | 15/07/2025 | 13/03/2013 | 19.00 | Book - Borrowing | ||||||
| Lost | Dewey Decimal Classification | كتابي | Central Library | Central Library | Lower Floor | 05/02/2013 | 40.00 | 26269 | 217.6 خ ر ب | 000028009 | 21/03/2013 | 07/02/2013 | 19.00 | Book - Borrowing | Lost In Inventory_2015-8-23 | ||||
| Dewey Decimal Classification | سور الازبكية | Central Library | Central Library | Lower Floor | 09/04/2013 | 40.00 | 217.6 خ ر ب | 000028669 | 15/07/2025 | 19.00 | Book - Borrowing |